Most Appearances in the Champions League From Scandinavia - Statistics

General Stats
  • This quiz has been taken 86 times
  • The average score is 12 of 25
Answer Stats
# Apps. Main Team(s) Years Pos. Answer % Correct
1 124 Paris Saint-Germain, Inter Milan 2002-'16, 2017-'18, 2021-'22 FW Zlatan Ibrahimović
99%
2 77 Manchester United 1996-'04, 2006-'07 FW Ole Gunnar Solskjær
92%
3 74 Liverpool, AS Roma 2000-'03, 2004-'09, 2010-'11, 2014-'15 LB John Arne Riise
86%
11 53 Tottenham Hotspur, Ajax Amsterdam 2010-'13, 2016-'21, 2023- AM/RM Christian Eriksen
78%
5 64 Arsenal 1999-2007 AM Freddie Ljungberg
78%
20 41 Barcelona, Juventus 1981-'82, 1985-'87, 1991-'94, 1995-'96 AM Michael Laudrup
78%
16 44 Manchester United, Brøndby IF 1986-'87, 1988-'90, 1993-'95, 1996-'99, 2000-'01 GK Peter Schmeichel
77%
9 59 Ajax Amsterdam, Barcelona 1991-'92, 1994-'97, 1998-'00, 2001-'04 FW/AM Jari Litmanen
72%
11 53 Liverpool 2001-'03, 2004-'08 CB Sami Hyypiä
68%
19 41 Chelsea, Borussia Mönchengladbach 2015-'18, 2019- CB Andreas Christensen
57%
23 38 Manchester United, Benfica 2015-'19, 2020-'22, 2023- DF Victor Lindelöf
55%
15 45 Chelsea FC, Barcelona 2003-2009 RW/LW Eiður Guðjohnsen
51%
23 38 Borussia Dortmund, FC Copenhagen 2010-'11, 2013-'14, 2016-'17, 2018-'23 MF Thomas Delaney
51%
14 47 RB Leipzig, Malmö FF 2014-'15, 2017-'18, 2019-'23 AM/LW Emil Forsberg
50%
10 54 Valencia, Olympique Lyon 1999-'01, 2002-'03, 2005-'07 FW John Carew
38%
18 42 AC Milan, Feyenoord 1997-'98, 1999-'00, 2001-'05 FW/AM Jon Dahl Tomasson
38%
13 50 Olympique Lyon, Spartak Moscow 2006-2013 MF Kim Källström
30%
4 74 Rosenborg 1989-'90, 1991-'92, 1995-'03, 2004-'06, 2007-'08 RM/RB Roar Strand
19%
23 38 Rosenborg 1991-'92, 1995-'98, 2001-'03, 2004-'05 FW Harald Brattbakk
14%
16 44 Ajax Amsterdam, PSV Eindhoven 1977-'78, 1979-'81, 1982-'83, 1985-'86, 1987-'90 MF Søren Lerby
12%
6 62 Rosenborg, Malmö FF 1990-'92, 1993-'94, 1995-'03 MF Bent Skammelsrud
11%
7 60 PSV Eindhoven, Bayer Leverkusen 1986-'90, 1991-'93, 1997-'98, 1999-'03 LB Jan Heintze
9%
22 39 Anderlecht, Olympiakos 1993-'95, 2000-'06 MF Pär Zetterberg
8%
7 60 Rosenborg 1995-'03, 2004-'05 CB Erik Hoftun
4%
21 40 Rosenborg 1998-'03, 2004-'06, 2007-'08 DF Christer Basma
3%
No matching quizzes found
Score Distribution
Percent of People with Each Score
Percentile by Number Answered
Your Score History
You have not taken this quiz